[Event "World Team-ch Women 2017"]
[Site "Khanty-Mansyisk"]
[Date "2017.06.19"]
[Round "3"]
[White "Gorti, Akshita"]
[Black "Majdan, Joanna"]
[Result "1/2-1/2"]
[WhiteElo "2240"]
[BlackElo "2365"]
[Annotator "TA"]
[PlyCount "75"]
[EventDate "2017.??.??"]
[EventType "team-tourn"]
[EventCountry "RUS"]
[SourceTitle "playchess.com"]
[Source "ChessBase"]
[SourceQuality "1"]
[WhiteTeam "USA"]
[BlackTeam "POL"]
[WhiteTeamCountry "USA"]
[BlackTeamCountry "POL"]

{[%evp 25,75,88,91,85,77,57,56,50,53,53,63,60,68,69,70,87,102,83,105,85,106,106,108,91,111,95,125,115,124,43,43,40,58,46,55,58,48,10,6,8,5,0,0,0,0,0,4,5,3,3,4,0]} 1. d4 Nf6 2. c4 c5 3. d5 e6 4. Nc3 exd5 5. cxd5 d6 6. Nf3 a6 7. a4 g6 8. Bf4 Bg7 9. h3 O-O 10. e3 Qc7 {A61: Modern Benoni: Nf3 without early e4} (10... Qe7 11. Nd2 Nbd7 12. Nc4 Ne8 13. a5 Ne5 14. Nb6 Rb8 15. Be2 f5 16. O-O Nf6 17. Rc1 Nfd7 18. Nca4 {0-1 (39) Kacheishvili,G (2590)-Mareco,S (2648) Saint Louis 2017}) 11. Be2 Nbd7 12. O-O Re8 13. Nd2 Ne5 {LiveBook: 3 Games} 14. Bh2 Rb8 15. e4 g5 16. a5 $146 ({Predecessor:} 16. Bxe5 dxe5 17. a5 Nd7 18. Nc4 b5 19. axb6 Nxb6 20. Ne3 c4 21. Bg4 Nd7 22. Qe2 Rb4 23. Ra2 Nc5 24. Bxc8 Rxc8 25. Nf5 Nd3 26. d6 Nf4 27. dxc7 {1-0 (27) Mancini,M (2258)-Suez Panama,G (2086) Besancon 2006}) 16... Nfd7 17. f4 gxf4 18. Bxf4 b5 19. axb6 $1 Rxb6 20. Qc2 Qb8 21. Ra2 Rb4 22. Kh1 Ng6 23. Bh2 Nde5 24. b3 Qb6 25. Na4 {[%cal Bc3a4,Ba4b2,Bb2c4][%mdl 32]} Qd8 {[#]} 26. Nb2 $1 Qg5 27. Bxa6 (27. Nbc4 $16 Qe7 28. Nxe5 Bxe5 29. Bxa6) 27... Rd4 $14 ({Avoid the trap} 27... Nh4 $2 28. Ndc4 $18) 28. Ndc4 Bxa6 29. Rxa6 {And now Bg1 would win.} Nxc4 $1 30. Nxc4 {[#] Black must now prevent Qf2.} Rdxe4 31. Ra8 {Strongly threatening Rxe8+.} Qxd5 {The position is equal.} 32. Rxe8+ Rxe8 33. Nxd6 Re3 34. Qc4 Qxc4 35. bxc4 Rd3 36. Ne4 Rd4 37. Nxc5 Rxc4 38. Nd3 {Precision: White = 54%, Black = 77%.} 1/2-1/2

[Event "World Team-ch Women 2017"]
[Site "Khanty-Mansyisk"]
[Date "2017.06.19"]
[Round "3"]
[White "Luong, Phuong Hanh"]
[Black "Guo, Qi"]
[Result "1/2-1/2"]
[WhiteElo "2208"]
[BlackElo "2417"]
[Annotator "TA"]
[PlyCount "30"]
[EventDate "2017.??.??"]
[EventType "team-tourn"]
[EventCountry "RUS"]
[SourceTitle "playchess.com"]
[Source "ChessBase"]
[SourceQuality "1"]
[WhiteTeam "VIE"]
[BlackTeam "CHN"]
[WhiteTeamCountry "VIE"]
[BlackTeamCountry "CHN"]

{[%evp 28,30,0,0,0]} 1. d4 d5 2. c4 e6 3. Nf3 Nf6 4. g3 Bb4+ 5. Bd2 Be7 6. Bg2 c6 7. Qc2 O-O 8. O-O b6 9. Bf4 Bb7 10. Rd1 Nbd7 11. Ne5 Nh5 12. Bc1 $146 ({Predecessor:} 12. Bd2 Nhf6 13. cxd5 cxd5 14. Nc6 Bxc6 15. Qxc6 Rc8 16. Qb5 Ne8 17. Qd3 Nd6 18. Nc3 Nf6 19. b3 Qd7 20. Rac1 Rfd8 21. Rc2 Nde4 22. Be1 {½-½ (22) Radjabov,T (2710)-Gelfand,B (2724) Moscow 2017}) 12... Nhf6 13. Bf4 Nh5 14. Bc1 Nhf6 15. Bf4 Nh5 {E08: Closed Catalan: Main Line: 7 Qc2} 1/2-1/2

[Event "World Team-ch Women 2017"]
[Site "Khanty-Mansyisk"]
[Date "2017.06.19"]
[Round "3"]
[White "Wafa, Shrook"]
[Black "Javakhishvili, Lela"]
[Result "0-1"]
[WhiteElo "2141"]
[BlackElo "2447"]
[Annotator "TA"]
[PlyCount "38"]
[EventDate "2017.??.??"]
[EventType "team-tourn"]
[EventCountry "RUS"]
[SourceTitle "playchess.com"]
[Source "ChessBase"]
[SourceQuality "1"]
[WhiteTeam "EGY"]
[BlackTeam "GEO"]
[WhiteTeamCountry "EGY"]
[BlackTeamCountry "GEO"]

{[%evp 20,38,-16,-32,-25,-43,-33,-111,-110,-181,-138,-369,-245,-332,-325,-207,-292,-283,-125,-2206,-2216]} 1. e4 c5 2. Nf3 e6 3. d4 cxd4 4. Nxd4 Nc6 5. Nxc6 bxc6 6. Bd3 Nf6 7. O-O d5 8. Nd2 Qc7 9. Qe2 Bd6 {B40: Sicilian: 2...e6, Unusual lines} 10. h3 O-O 11. c4 {LiveBook: 11 Games} d4 {Black is slightly better.} 12. Nb3 e5 13. f4 $146 (13. c5 $15 Be7 14. f4) ({Predecessor:} 13. c5 Be7 14. f4 Nd7 15. Qc2 Bf6 16. f5 a5 {1-0 (39) Tseitlin,M (2505)-Schultz,A Bad Zwesten 1997}) 13... exf4 $17 14. Qf3 {[#]} (14. c5 $17 {was worth a try.} Be5 15. Nd2) 14... g5 $1 $19 15. h4 $2 (15. c5 $17 Be5 16. Qe2) 15... h6 {[%cal Bh7h6,Bh6g5][%mdl 32]} 16. hxg5 hxg5 17. g3 {[%cal Rg3f4]} Bg4 18. Qf2 {[%cal Rg3f4] [#]} f3 (18... Nh5 $1 $19 {[%cal Rh5g3] has better winning chances.} 19. gxf4 Nxf4 20. Bxf4 Bxf4) 19. Qxd4 $2 {[%mdl 8192] [#]} (19. e5 $17 Bxe5 20. Qd2) 19... Bc5 $1 {[%mdl 512] Precision: White =  9%, Black = 74%.} 0-1

[Event "World Team-ch Women 2017"]
[Site "Khanty-Mansyisk"]
[Date "2017.06.19"]
[Round "3"]
[White "Elansary, Eman"]
[Black "Batsiashvili, Nino"]
[Result "0-1"]
[WhiteElo "1887"]
[BlackElo "2468"]
[Annotator "TA"]
[PlyCount "82"]
[EventDate "2017.??.??"]
[EventType "team-tourn"]
[EventCountry "RUS"]
[SourceTitle "playchess.com"]
[Source "ChessBase"]
[SourceQuality "1"]
[WhiteTeam "EGY"]
[BlackTeam "GEO"]
[WhiteTeamCountry "EGY"]
[BlackTeamCountry "GEO"]

{[%evp 24,82,16,16,20,25,22,8,83,7,21,-15,-21,-14,-22,-24,-14,-25,-26,-12,0,0,0,0,0,0,0,-66,-64,-74,104,77,14,-76,-62,-66,-79,-103,20,24,24,19,8,6,29,0,0,-168,-128,-1089,-1089,-29997,-1359,-1275,-1264,-1212,-1134,-29989,-29990,-29998,-1283]} 1. d4 Nf6 2. Nf3 e6 3. e3 d5 4. Bd3 c5 5. b3 Nc6 6. Bb2 Bd6 7. O-O O-O 8. Nbd2 Nb4 {D05: Colle System with ...e6} (8... b6 9. dxc5 Bxc5 10. c4 dxc4 11. Nxc4 Bb7 12. Qe2 Qe7 13. Ng5 Rfd8 14. Bxf6 Qxf6 15. Bxh7+ Kf8 16. Ne4 {0-1 (39) Wojtaszek,R (2749)-Ganguly,S (2668) Doha 2016}) 9. Be2 b6 10. Ne5 Bb7 11. f4 cxd4 12. exd4 Rc8 13. c3 {LiveBook: 3 Games} Nc6 14. Bd3 Ne7 $146 15. Qf3 Ne8 (15... h5 $11) 16. Rae1 (16. Qh3 $16 {[%csl Gd3][%cal Rh3h7]} Nf6 17. Rae1) 16... f5 $11 17. g4 Nf6 $1 18. gxf5 exf5 19. Qh3 Ne4 20. Nxe4 dxe4 21. Bc4+ Bd5 (21... Rxc4 $5 22. bxc4 Ng6 $11) 22. Bxd5+ Nxd5 {[%cal Be7d5,Bd5b4,Bb4d3][%mdl 32]} 23. c4 Nb4 24. Re2 b5 25. Rg2 (25. d5 $1 $11) 25... bxc4 $15 26. Kh1 {Strongly threatening Rxg7+!} Rc7 $2 (26... Nxa2 27. Rxg7+ $1 {[%mdl 512]} Kxg7 28. Rg1+ Kh8 29. Ng6+ Kg8 30. Nxf8+ Qg5 31. Rxg5+ Kf7 32. Qxf5+ Ke8 33. Qxc8+ Kf7 34. Qe6+ Kxf8 35. Rg8#) (26... Bxe5 $1 $17 {stays on course.} 27. fxe5 Nd3) 27. bxc4 $16 Bxe5 28. dxe5 {[#]} (28. fxe5 $11 {keeps the balance.} f4 29. d5) 28... Nd3 $1 $17 (28... Rxc4 29. Rxg7+ Kxg7 30. e6+ Rd4 31. Rg1+ Kf6 32. Qh6+ Ke7 33. Rg7+ (33. Qg7+ Ke8 $18) 33... Kd6 34. e7+ Kd5 35. Bxd4 $18) 29. Ba3 Rff7 30. Bd6 Rb7 (30... Rxc4 $17 {White must now prevent ...Qc8.} 31. e6 Rf6) 31. c5 $11 Qc8 32. Qe3 Qc6 33. e6 Rf6 34. Qd4 {And now e7 would win.} Rxe6 35. Rfg1 $2 {[#]} (35. Qc4 $1 $11 {and White is okay.} Qe8 36. Qd5) 35... Rg6 $1 {[%mdl 512] Threatens to win with ...e3!} 36. Qc4+ $2 {[%mdl 8192]} (36. h3 $17) (36. Rxg6 e3+) 36... Kh8 $19 37. Rxg6 hxg6 (37... e3+ $142 38. Qe4 Qxe4+ 39. R6g2 Nf2#) 38. Kg2 {[#]} g5 $1 {[%mdl 512]} 39. Kg3 (39. fxg5 Rb4) 39... gxf4+ 40. Bxf4 Qg6+ 41. Kh3 Nxf4+ {Precision: White = 44%, Black = 57%.} (41... Qh5+ $142 42. Kg3 Qg4#) 0-1

[Event "World Team-ch Women 2017"]
[Site "Khanty-Mansyisk"]
[Date "2017.06.20"]
[Round "4"]
[White "Lagno, Kateryna"]
[Black "Javakhishvili, Lela"]
[Result "1-0"]
[WhiteElo "2539"]
[BlackElo "2447"]
[Annotator "TA"]
[PlyCount "57"]
[EventDate "2017.??.??"]
[EventType "team-tourn"]
[EventCountry "RUS"]
[SourceTitle "playchess.com"]
[Source "ChessBase"]
[SourceQuality "1"]
[WhiteTeam "RUS"]
[BlackTeam "GEO"]
[WhiteTeamCountry "RUS"]
[BlackTeamCountry "GEO"]

{[%evp 9,57,21,38,1,25,34,62,43,61,59,66,-10,-2,-16,-11,-10,2,3,1,0,0,0,0,0,0,-39,8,9,8,4,13,10,21,25,37,0,0,0,129,129,143,180,641,628,757,757,722,701,29998,29999]} 1. d4 d5 2. c4 e6 3. Nf3 c6 4. Qc2 dxc4 5. Qxc4 Nf6 6. Qc2 {[#] D23: Queen's Gambit Accepted: 3 Nf3 Nf6 sidelines} c5 $1 {[%mdl 512]} 7. dxc5 Na6 8. e4 $146 {White is slightly better.} ({Predecessor:} 8. Nc3 Bxc5 9. a3 O-O 10. e3 Bd7 11. Be2 Rc8 12. O-O Qc7 13. Bd2 Be7 {0-1 (37) Mareco,S (2612)-Flores,D (2592) San Salvador 2016}) 8... Nxc5 9. Nc3 a6 10. b4 ({Better is} 10. Be2 $14) 10... Ncd7 $11 11. a3 Qc7 12. Bb2 b5 13. Bd3 Bb7 14. O-O Bd6 15. Qe2 O-O 16. Rac1 Qb8 17. h3 Rc8 18. Nb1 {[%cal Bc3b1,Bb1d2,Bd2e4,Be4f6][%mdl 32] Black must now prevent Rxc8+.} Rxc1 19. Rxc1 Ne5 20. Nbd2 Nxd3 (20... h6 {keeps more tension.} 21. Nxe5 Bxe5 22. Bxe5 Qxe5 23. Nb3 Rc8) 21. Qxd3 {aiming for e5.} Bf4 22. Bxf6 gxf6 23. Qd7 {[#]} Bxe4 (23... f5 $1 $11 {[%mdl 512]}) 24. Nxe4 $16 Bxc1 25. Nxf6+ Kg7 $2 {[#]} (25... Kf8) 26. Qd4 $1 $18 Qd8 27. Nh5+ Kf8 28. Qc5+ Ke8 29. Ng7+ {Precision: White = 64%, Black = 31%.} 1-0

[Event "World Team-ch Women 2017"]
[Site "Khanty-Mansyisk"]
[Date "2017.06.20"]
[Round "4"]
[White "Harika, Dronavalli"]
[Black "Socko, Monika"]
[Result "1/2-1/2"]
[WhiteElo "2535"]
[BlackElo "2485"]
[Annotator "TA"]
[PlyCount "43"]
[EventDate "2017.??.??"]
[EventType "team-tourn"]
[EventCountry "RUS"]
[SourceTitle "playchess.com"]
[Source "ChessBase"]
[SourceQuality "1"]
[WhiteTeam "IND"]
[BlackTeam "POL"]
[WhiteTeamCountry "IND"]
[BlackTeamCountry "POL"]

{[%evp 19,43,29,29,23,25,22,17,15,11,8,12,16,16,9,8,8,11,0,0,0,0,0,0,0,0,-3]} 1. Nf3 Nf6 2. c4 g6 3. b3 Bg7 4. Bb2 d6 5. d4 O-O 6. g3 c5 7. Bg2 Nc6 8. O-O cxd4 9. Nxd4 Bd7 10. e3 Qa5 {LiveBook: 3 Games. E60: King's Indian: Unusual lines and Fianchetto Variation without Nc3} (10... Qc8 11. Re1 Bh3 12. Bh1 Qd7 13. Nc3 Rac8 14. Qd2 h5 15. Rac1 h4 16. Nf3 hxg3 17. hxg3 e5 18. Ng5 {1-0 (44) Inarkiev,E (2732)-Hou,Y (2658) Petropavlovsk Kamchatsky 2016}) 11. Bc3 $146 ({Predecessor:} 11. Nc3 Rfc8 12. a3 Bg4 13. Qd2 Qh5 14. Rfe1 Rab8 15. Rac1 Bh3 16. Bh1 Ng4 17. Nd5 Re8 18. Nf4 Qh6 19. Nxh3 Nxd4 20. Bxd4 Bxd4 {½-½ (70) Dzagnidze,N (2522)-Lujan,C (2378) Baku 2016}) 11... Qh5 12. Qxh5 Nxh5 {The position is equal.} 13. a4 Rfc8 14. Rc1 Nf6 15. a5 a6 16. Nd2 Rab8 17. h3 h5 18. b4 Ne5 19. Bf1 d5 {[%cal Re5c4]} 20. c5 Ne4 21. Nxe4 dxe4 22. Rc2 1/2-1/2

[Event "World Team-ch Women 2017"]
[Site "Khanty-Mansyisk"]
[Date "2017.06.20"]
[Round "4"]
[White "Dzagnidze, Nana"]
[Black "Kosteniuk, Alexandra"]
[Result "0-1"]
[WhiteElo "2533"]
[BlackElo "2537"]
[Annotator "TA"]
[PlyCount "128"]
[EventDate "2017.??.??"]
[EventType "team-tourn"]
[EventCountry "RUS"]
[SourceTitle "playchess.com"]
[Source "ChessBase"]
[SourceQuality "1"]
[WhiteTeam "GEO"]
[BlackTeam "RUS"]
[WhiteTeamCountry "GEO"]
[BlackTeamCountry "RUS"]

{[%evp 9,128,-32,-29,-56,-33,-86,-77,-98,-97,-98,-90,-89,-91,-87,-59,-42,-41,-63,-61,-80,-77,-74,-40,-123,-111,-108,-115,-134,-129,-133,-131,-133,-133,-131,-135,-131,-131,-139,-134,-163,-164,-156,-156,-204,-207,-214,-224,-229,-229,-221,-218,-222,-213,-208,-208,-216,-210,-202,-193,-258,-258,-229,-209,-210,-208,-209,-209,-209,-209,-209,-209,-210,-210,-215,-201,-225,-209,-216,-216,-216,-224,-941,-1364,-1008,-1265,-1116,-1218,-1031,-1359,-1468,-1235,-766,-782,-1189,-975,-2316,-2083,-2243,-1390,-1958,-1933,-1745,-1361,-5087,-3454,-1795,-2116,-2414,-2191,-6598,-8927,-12818,-12820,-6594,-5697,-3349,-2581,-12835,-12835,-12835,-12835]} 1. Nf3 d5 2. c4 d4 3. b4 Bg4 4. Qa4+ (4. g3 Bxf3 5. exf3 e6 6. b5 Nf6 7. Bg2 a6 8. f4 axb5 9. cxb5 c6 10. O-O Be7 11. bxc6 Nxc6 {0-1 (40) Rapport,R (2729)-Caruana,F (2813) Germany 2017}) 4... c6 5. Bb2 Bxf3 6. exf3 $146 {A09: Réti Opening: 1 Nf3 d5 2 c4} ({Predecessor:} 6. gxf3 e5 7. d3 Nd7 8. Bh3 Ngf6 9. Nd2 a5 10. bxa5 Nc5 11. Qc2 Nh5 {0-1 (25) Ashby,S (2286)-Potter,R (2382) USA 2000}) 6... Nf6 7. f4 (7. g3 $15) 7... Qd6 $17 8. Be2 {Black is better.} Qxf4 9. O-O e5 {[%cal Be7e5,Be5e4][%mdl 32]} 10. b5 Be7 11. Ba3 c5 12. d3 e4 $40 {[%mdl 128] Black mounts an attack.} 13. Bc1 Qe5 14. Nd2 Nbd7 15. Qc2 {[%cal Rd3e4]} e3 16. Nf3 (16. fxe3 $1 $15 Qxe3+ 17. Rf2) 16... exf2+ $1 17. Rxf2 Qc7 18. Nh4 {[#]} Ne4 $1 {[%cal Re4f2][%mdl 512]} 19. Bf4 (19. dxe4 Bxh4) 19... Bd6 20. Bxd6 Nxd6 21. Bg4 O-O 22. Re1 Rae8 23. Rfe2 Nf6 24. Rxe8 Rxe8 25. Rxe8+ Ndxe8 26. Bh3 Qf4 27. g3 Qe3+ 28. Kg2 g6 29. Qd1 h5 30. Kf1 Nd6 31. Ng2 Qe5 32. Qe1 Qxe1+ 33. Nxe1 Ng4 34. Bxg4 (34. Kg1 $142) 34... hxg4 $19 {[%mdl 4096] Endgame KN-KN} 35. a4 Kf8 36. Nc2 Nc8 37. Na1 Nb6 38. a5 Nd7 39. Nb3 Ke7 40. Ke2 Kd6 41. Kf2 Ne5 42. Nc1 a6 43. bxa6 bxa6 44. Kg2 Nf3 45. h3 $2 (45. Kh1) 45... Ne1+ {Black is clearly winning.} 46. Kh2 gxh3 47. Kxh3 Ke5 48. Kh2 f5 49. Kg1 g5 50. Kf2 Nc2 51. Nb3 Kd6 52. Kf3 Nb4 53. Ke2 Nc6 54. Kf3 Ne5+ 55. Ke2 g4 56. Nc1 Nc6 57. Nb3 Nd8 58. Kf2 Nb7 59. Ke2 Ke5 60. Kf2 f4 61. Kg2 {[#]} fxg3 $1 62. Kxg3 Kf5 63. Kf2 Kf4 64. Ke2 g3 {Precision: White = 41%, Black = 84%.} 0-1

[Event "World Team-ch Women 2017"]
[Site "Khanty-Mansyisk"]
[Date "2017.06.20"]
[Round "4"]
[White "Tan, Zhongyi"]
[Black "Mammadzada, Gunay"]
[Result "1/2-1/2"]
[WhiteElo "2517"]
[BlackElo "2368"]
[Annotator "TA"]
[PlyCount "188"]
[EventDate "2017.??.??"]
[EventType "team-tourn"]
[EventCountry "RUS"]
[SourceTitle "playchess.com"]
[Source "ChessBase"]
[SourceQuality "1"]
[WhiteTeam "CHN"]
[BlackTeam "AZE"]
[WhiteTeamCountry "CHN"]
[BlackTeamCountry "AZE"]

{[%evp 19,188,13,32,16,50,14,14,14,14,14,39,28,32,28,39,31,87,72,95,82,112,82,78,29,25,25,107,40,68,39,48,36,52,19,52,0,0,0,0,0,0,0,20,11,66,54,66,0,11,10,10,9,9,7,17,9,19,4,40,11,10,17,14,13,16,13,77,1,8,4,11,7,7,4,38,0,20,0,0,0,0,0,0,0,0,0,0,0,0,0,0,0,0,0,0,0,0,0,0,0,0,0,0,0,0,0,0,0,0,0,0,0,0,0,0,0,0,0,0,0,0,0,0,0,0,0,85,0,0,0,21,10,16,0,0,0,0,0,0,0,0,0,0,0,0,0,0,0,0,0,0,0,0,0,0,0,0,0,0,0,0,0,0,0,0,0,0,0,0,0,0]} 1. c4 e5 2. g3 c5 3. Bg2 Nc6 4. Nc3 g6 5. Nf3 Bg7 6. a3 Nge7 7. O-O O-O 8. b4 d6 9. Rb1 Rb8 10. d3 h6 11. Ne1 {A37: Symmetrical English vs ...g6: 4 Bg2 Bg7 5 Nf3} (11. Bd2 Be6 12. Ne1 f5 13. Qa4 f4 14. e3 g5 15. b5 Na5 16. Ne2 b6 17. exf4 gxf4 18. gxf4 Ng6 19. fxe5 dxe5 {1-0 (41) Kramnik,V (2788)-Alekseev,E (2708) Moscow 2008}) 11... Be6 12. Nd5 cxb4 13. axb4 b5 14. Nc2 f5 $146 ({Predecessor:} 14... Kh7 15. f4 bxc4 16. dxc4 Bxd5 17. cxd5 Nxb4 18. Nxb4 {0-1 (38) Reshevsky,S-Evans,L Buenos Aires 1960}) 15. e4 Qd7 16. Be3 fxe4 17. Bxe4 Nf5 (17... Bf5 $14) 18. Qd2 Nxe3 19. Qxe3 ({Much worse is} 19. fxe3 $6 Ne7 $11) 19... Ne7 20. Ra1 (20. Nxe7+ {keeps more tension.} Qxe7 21. Qe2 Qf7 22. Ne3 Kh8 23. Nd5) 20... Bxd5 21. Bxd5+ (21. cxd5 {looks sharper.} Rb7 22. Qe2 h5 23. Ne3 Rc7 24. Ra6) 21... Nxd5 22. cxd5 Qb7 (22... Qc7 $11 23. Rfc1 Rf7) 23. Qe4 (23. Rxa7 $16 Qxd5 24. Qe4 Qxe4 25. dxe4) 23... Rf6 24. Ne3 Rbf8 25. Rac1 h5 26. Rc2 Qf7 27. Ng2 (27. Nd1 $14) 27... Bh6 $11 28. d4 exd4 29. Qxd4 Rf5 30. Rd1 Re5 31. Ra2 Re7 (31... g5 $11) 32. Qd3 $14 a6 33. Re1 ({Stronger than} 33. Rxa6 Qxf2+ 34. Kh1 Rf5 $17) ({White should play} 33. f4 $14) 33... Rxe1+ 34. Nxe1 Qf5 35. Qe2 Qxd5 36. Rxa6 Bg7 37. Nd3 g5 38. Ra7 Qf3 39. Qe6+ (39. Qe7 $5 {[%cal Re7g7]} Qf7 40. Qxf7+ Rxf7 41. Ra8+ Kh7 42. Ra6 $16) 39... Kh8 40. Qe7 {[%csl Ga7][%cal Re7g7]} Qd1+ 41. Ne1 {[%csl Ga7][%cal Re7g7]} Qd4 {[#]} 42. Nd3 $1 {[%mdl 512]} Rg8 {[#]} (42... h4 $11 {keeps the balance.}) (42... Qxd3 43. Qxg7#) 43. Qe2 ({Better is} 43. Ra3 $1 $16) 43... Qxa7 $11 44. Qxh5+ {[#]} Bh6 $1 45. Qxh6+ {[%mdl 4096] Endgame KQR-KQN} Qh7 $132 {[%mdl 2048] Black puts up resistance} 46. Qxd6 {next Qe5+ is good for White.} Qg7 (46... Qg6 $5 {[%cal Rg6d6]} 47. Qd5 Rf8 $16) 47. Qb6 Re8 48. Qxb5 Qa1+ 49. Kg2 Qa8+ 50. f3 {Hoping for Nf2.} Re2+ 51. Nf2 Qa2 52. Qc5 Rc2 53. Qd4+ Kg8 54. Qe3 ({Don't play} 54. Qd8+ $6 Kf7 $16) 54... Kh7 55. b5 {Strongly threatening b6.} Re2 56. Qd3+ Kh6 57. Qd4 {And now Kf1 would win.} Rd2 58. Qb6+ (58. Qe3 $5 {[%cal Rh2h4]} Qb2 59. h4 $16) 58... Kh7 59. g4 Qb2 60. Qa7+ Kg6 61. Qe3 (61. h4 $5 gxh4 62. Qb6+ Qf6 63. Qc5 $11) 61... Re2 62. Qb6+ Kf7 (62... Qf6 $5 {[%cal Rf6b6]} 63. Qa7 Qe5 $11) 63. Kf1 Rc2 64. Kg1 Rc1+ 65. Kg2 {Threatens to win with Qb7+.} Rc2 66. Qa7+ (66. f4 $5) 66... Kg6 67. Qe3 (67. h4 $5) 67... Re2 68. Qb6+ Kf7 (68... Qf6 $5 {[%cal Rf6b6]} 69. Qa7 Qe6 $11) 69. Qc7+ Kg6 70. Qc5 Rc2 71. Qf5+ Kh6 72. Qe6+ Kh7 (72... Kg7 $11 73. Qe7+ Kg6 74. Qd6+ Kh7 75. Qe7+ Kg6 76. Qd6+ Kg7) 73. Kg3 (73. Qf7+ $16 Qg7 74. Qf5+ Qg6 75. Qe5) 73... Re2 $1 {[%cal Re2e6] The position is equal.} 74. Qd7+ Kh8 75. Qd8+ Kh7 76. Qc7+ Qg7 77. Qxg7+ (77. Qb6 {with more complications.} Qe5+ 78. Kg2 Rb2 79. Qb7+ Kg8 80. b6) 77... Kxg7 {KR-KN} 78. Ne4 Kg6 79. h4 gxh4+ 80. Kxh4 Rb2 81. Nd6 Rb4 82. Kg3 (82. f4 $5) 82... Kf6 83. f4 {[%cal Bf3f4,Bf4f5,Bf5f6][%mdl 32]} Ke6 84. Nf5 Kd7 85. g5 Rxb5 86. Kg4 (86. Nh6 $5 {[%cal Rg5g6]} Ke6 87. Kh4 $11) 86... Ra5 87. Nh6 {g6 is the strong threat.} Ke7 88. f5 Kf8 89. Kh5 Kg7 90. f6+ Kh7 91. Ng4 Rf5 92. Ne3 Rc5 93. Ng2 Rf5 94. Kg4 Rxf6 {Precision: White = 57%, Black = 68%.} 1/2-1/2

[Event "World Team-ch Women 2017"]
[Site "Khanty-Mansyisk"]
[Date "2017.06.20"]
[Round "4"]
[White "Lei, Tingjie"]
[Black "Balajayeva, Khanim"]
[Result "1/2-1/2"]
[WhiteElo "2488"]
[BlackElo "2283"]
[Annotator "TA"]
[PlyCount "117"]
[EventDate "2017.??.??"]
[EventType "team-tourn"]
[EventCountry "RUS"]
[SourceTitle "playchess.com"]
[Source "ChessBase"]
[SourceQuality "1"]
[WhiteTeam "CHN"]
[BlackTeam "AZE"]
[WhiteTeamCountry "CHN"]
[BlackTeamCountry "AZE"]

{[%evp 31,117,55,92,0,9,9,14,8,0,0,53,52,53,52,37,35,47,52,68,66,79,79,70,66,70,60,62,60,75,43,43,43,43,43,43,43,57,52,74,76,68,72,77,80,87,43,227,210,279,254,1347,1329,1196,1230,895,911,811,752,714,650,1587,1553,1454,1184,1167,806,543,87,80,6,5,5,8,8,29975,29977,29976,29978,29978,29979,29979,29980,29980,29981,29981,29982,29982,29983]} 1. c4 e6 2. d4 d5 3. Nf3 c5 4. cxd5 exd5 5. g3 Nc6 6. Bg2 Nf6 7. O-O Be7 8. Nc3 O-O 9. Bg5 cxd4 10. Nxd4 h6 11. Be3 Re8 12. Rc1 Bg4 13. h3 Be6 14. Nxe6 fxe6 15. f4 {D34: Tarrasch Defence: 6 g3 Nf6 7 Bg2 Be7} Qd7 16. Bf2 Rad8 {LiveBook: 5 Games} 17. Qd2 $146 (17. a3 $16) ({Predecessor:} 17. Qa4 Bd6 18. Rfd1 Qf7 19. e4 d4 20. Nb5 e5 21. Nxd6 Rxd6 22. fxe5 Rxe5 23. Bxd4 Rxe4 24. Bxe4 Nxe4 25. Be3 Qf3 26. Qb3+ Kh8 27. Bf4 Qf2+ 28. Kh1 Qe2 29. Re1 {1-0 (29) Ilincic,Z (2470)-Manca,F (2390) Budapest 2005}) 17... Bb4 18. a3 Bxc3 19. Rxc3 e5 20. fxe5 Ne4 ({Black should try} 20... Rxe5 $11 21. Re3 Ne4 22. Bxe4 dxe4 23. Qxd7 Rxd7) 21. Bxe4 $1 $14 dxe4 22. Qxd7 Rxd7 23. Be3 Rxe5 24. Rc4 g5 25. Rf6 Kh7 26. Kg2 a6 27. h4 Ne7 28. hxg5 hxg5 29. Bd4 Rf5 {Strongly threatening ...Rxd4!} 30. Bc3 (30. Re6 {keeps more tension.} b5 31. Rc1 Rxd4 32. Rxe7+ Kg6 33. b4) 30... Rxf6 31. Bxf6 Kg6 32. Bxe7 Rxe7 {[%mdl 4096] Endgame KR-KR} 33. g4 Kf6 34. Kf2 e3+ 35. Kf3 Rh7 36. Kxe3 Rh3+ 37. Kd4 Rg3 38. Kd5 Rg2 $2 (38... b5 $1 $14 39. Rc6+ Kf7) 39. Re4 $18 Rg1 40. Kc5 Rd1 $2 (40... Rb1 41. Rb4 a5 42. Rxb7 Rg1) 41. Kb6 Rd7 42. b4 Rh7 43. a4 Rd7 44. a5 Kf7 45. Rc4 {And now Rc7 would win.} Kf6 46. Rc7 Rd4 {[#]} 47. b5 $1 axb5 48. Kxb7 b4 49. a6 $2 (49. Rc5 $18) 49... b3 $16 50. Rc6+ (50. Kc8 $16 Re4 51. Rc3 Re8+ 52. Kc7 Re7+ 53. Kc6 Re6+ 54. Kb5 Re5+ 55. Kb6 Re6+ 56. Kb5 Re5+ 57. Kb6 Re6+ 58. Kb7) 50... Ke7 $1 $11 51. Rc1 {Hoping for a7.} Rxg4 52. a7 b2 $2 {[%mdl 8192] [#]} (52... Rb4+ $11 53. Kc8 Ra4 54. Rc7+ Kd6) 53. Rc7+ {White mates.} Kd6 54. Rc6+ Ke5 55. Rb6 Ra4 56. Rxb2 g4 57. a8=Q Rxa8 58. Kxa8 g3 59. Rb8 {[%mdl 32768] Precision: White = 76%, Black = 37%. . An unexpected result.} 1/2-1/2